Score 0/20 Timer 05:00
0 Plays Today
Number of Jews City % Correct
1,970,000New York, New York, US
98.7%
570,000Jerusalem, Israel
92.9%
621,000Los Angeles, California, US
90.4%
2,560,000Tel Aviv, Israel
89%
195,000London, England, UK
84.8%
261,000Chicago, Illinois, US
83.6%
310,000Paris, France
82.6%
227,000Boston, Massachusetts, US
76.8%
514,000Miami (and suburbs), Florida, US
75.3%
276,000Philadelphia, Pennsylvania, US
69.8%
Number of Jews City % Correct
210,000San Francisco, California, US
68.5%
108,000Moscow, Russia
65.9%
655,000Haifa, Israel
62%
165,000Washington, DC, US
61.1%
175,000Toronto, Ontario, Canada
53.4%
94,000Detroit, Michigan, US
48.2%
95,000Baltimore, Maryland, US
46.3%
95,000Montreal, Quebec, Canada
44.6%
175,000Buenos Aires, Argentina
38.5%
165,000Be'er Sheva, Israel
17.9%
Remove Ads.
Support Sporcle.
Get the best of Sporcle when you Go Orange. This ad-free experience offers more features, more stats, and more fun while also helping to support Sporcle. Thank you for becoming a member.

You're not logged in!

Compare scores with friends on all Sporcle quizzes.
OR
Log In

Show Comments

Extras

Top Quizzes Today


Score Distribution

Your Account Isn't Verified!

In order to create a playlist on Sporcle, you need to verify the email address you used during registration. Go to your Sporcle Settings to finish the process.

Report this User

Report this user for behavior that violates our Community Guidelines.

Details: